00427nam a2200193Ia 4500003000900000008004100009040001300050040001300063041000800076100002300084245006100107250000900168260000800177260000900185300001100194300001000205490001000215490000800225IT-RoPAU120407s9999 xx 000 0 und d aIT-RoPAU cIT-RoPAU aita aSaturnino Muratore aTeologia e filosofia. Alla ricerca di un nuovo rapporto. aRoma aAve c1990 a318 p. c21 cm aSaggi v128